Statistics for Foolish One (TV) - Taylor Swift (All Lyrics)

Click here to take the quiz!

General Stats

  • This quiz has been taken 27 times
  • The average score is 392 of 473

Answer Stats

Lyrics% Correct
on
100%
the
100%
The
100%
for
95%
love
95%
of
95%
one
95%
one,
95%
way,
95%
way
95%
You
95%
you
95%
"You
95%
your
95%
and
90%
And
90%
are
90%
are,
90%
checkin'
90%
checkin
90%
confessions
90%
do
90%
Foolish
90%
I
90%
long
90%
mailbox
90%
my
90%
My
90%
never
90%
Stop
90%
take
90%
That
90%
to
90%
will
90%
ain't
86%
Ain't
86%
cards
86%
come
86%
down
86%
gonna
86%
in
86%
keep
86%
learn
86%
lesson
86%
lesson"
86%
No,
86%
not
86%
table,
86%
chances
81%
Chances
81%
exception
81%
got
81%
hand
81%
just
81%
me
81%
say
81%
say,
81%
yours
81%
you've
81%
act
76%
already
76%
but
76%
But
76%
can't
76%
day
76%
Don't
76%
get
76%
give
76%
hard
76%
he
76%
head
76%
I'm
76%
is
76%
It
76%
know
76%
like
76%
myself
76%
out,
76%
out
76%
plans
76%
right
76%
something
76%
these
76%
this
76%
This
76%
tonight,
76%
too
76%
voices
76%
what
76%
when
76%
When
76%
again
71%
all
71%
around
71%
attention
71%
call
71%
could
71%
enough
71%
fine
71%
had
71%
her
71%
he's
71%
high
71%
hopes
71%
how
71%
"How
71%
la
71%
La
71%
La,
71%
la,
71%
maybe,
71%
maybe
71%
mention
71%
mine
71%
oh
71%
Oh,
71%
oh,
71%
really
71%
situation
71%
sleep
71%
something's
71%
talk
71%
then
71%
waitin'
71%
wasn't
71%
with
71%
about
67%
best
67%
done,
67%
every
67%
finally
67%
forget
67%
hands
67%
haven't
67%
I'll
67%
instead
67%
intentions
67%
laugh
67%
Now
67%
now
67%
or
67%
Over
67%
reason
67%
said
67%
Sayin',
67%
screamin'
67%
see
67%
shoulder
67%
Sittin'
67%
tellin'
67%
thinkin'
67%
thoughts
67%
wall
67%
we'll
67%
we're
67%
Wishful
67%
you're
67%
arm
62%
been
62%
block
62%
called
62%
'Cause
62%
coffee
62%
glances,
62%
goodbye
62%
mornin'
62%
older
62%
she'll
62%
should've
62%
signs?"
62%
slidin'
62%
someday,
62%
starts
62%
walkin'
62%
watching
62%
why
62%
wings
62%
written
62%
you'll
62%
bulletproof
57%
longing
57%
news
57%
ring
57%
'round
57%
seem
57%
silence
57%
They
57%
waiting
57%
while
57%
it's
52%
delicate,
43%
Ooh,
38%

Score Distribution

Percentile by Number Answered

Percent of People with Each Score

Your Score History

You have not taken this quiz